00560 a2200169 45000010006000000050017000060080041000230030015000640400040000790800085001192450058002040200022002622640044002843000023003280410008003511000031003596017920260407155853.0260407a1983 arg spa dAR-UNSa-BCEJYS aAR-UNSa-BCEJYSbspacAR-UNSa-BCEJYS a342.4xConstituciones. Asambleas legislativas. Asambleas nacionales (Reforma...)10aAnálisis pedagógico de la Constitución Nacional a978-950-14-0097-7 1aBuenos Aires :bEdiciones Depalmac1983 axx, 151 p.c20 cm. aspa1 aEkmekdjian, Miguel Ángel